|
|
|
|
| LEADER |
00000nam a22000007a 4500 |
| 005 |
20160303161846.0 |
| 007 |
cr|||| ||u| |
| 008 |
160303s2013 bl ||||| |||| 00||0 por d |
| 020 |
|
|
|a 978-85-7789-164-1
|
| 035 |
|
|
|a 14013
|
| 040 |
|
|
|a vLex
|
| 090 |
|
|
|c 5955
|d 5955
|
| 100 |
1 |
|
|a Magalhês Souza, Ionete de
|
| 245 |
1 |
0 |
|a Perc̕ia Genťica Paterna e Acesso ̉Justiȧ. Uma anl̀ise constitucional
|h [Recurso electrn̤ico] /
|c Ionete de Magalhês Souza
|
| 256 |
|
|
|a Servicio en ln̕ea
|
| 260 |
|
|
|a Brasil
|b JH Mizuno
|c 2013
|
| 300 |
|
|
|a 1 recurso electrn̤ico
|
| 500 |
|
|
|a Este livro ̌fruto de pesquisa cientf̕ica, na r̀ea de concentraȯ̂ das Instituiė̳s Jurd̕ico-Polt̕icas e linha de pesquisa do "acesso ̉justiȧ". ° p̌oca teve prefc̀io do estudioso e digno Dr. Bruno Terra Dias, entô Juiz de Direito e Professor Universitr̀io, um dos primeiros leitores da escrita, aps̤ a defesa acadm̊ica. Com alegria, a primeira ediȯ̂ logo se esgotou. Poste-riormente, foi indicado para compor uma coletńea de 10 (dez) livros, com reediȯ̂ e fim comemorativo do cinquentenr̀io da Unimontes. Tudo a seu tempo, conforme Eclesiastes 3. Portanto, com atualizaė̳s relativas a prazos processuais e procedimentos jurd̕icos, engenharia genťica e acesso ̉justiȧ, alm̌ das devidas concepė̳s doutrinr̀ias quanto ̉faml̕ia, com seus avanȯs sociais e afetivos, deseja-se, mais uma vez, o despertar da presente leitura.
|
| 506 |
1 |
|
|a Contenido solo disponible en los productos indicados
|d vLex Global
|d vLex Global (Academic Edition, excluding Law Schools)
|d vLex Global (U.S. Academic Edition, Law Schools)
|d vLex Global (U.S. Academic Edition, excluding Law Schools)
|d vLex Global (Academic Edition, Law Schools)
|
| 650 |
0 |
4 |
|a Derecho
|z Brasil
|
| 700 |
1 |
|
|a Montes Claros, Estadual de
|
| 740 |
0 |
|
|a vLex libros (servicio en ln̕ea)
|
| 856 |
4 |
0 |
|u http://vlex.com/source/pericia-genetica-paterna-e-acesso-a-justi-a-uma-analise-constitucional-14013
|z Acceso restringido
|
| 942 |
|
|
|c BOOK
|
| 999 |
0 |
|
|a Law
|